000 01896nam a2200409 c 4500
003 BLK
005 20250403151813.0
008 180408b bul|||||r ||||||| ||bul||
010 _aKNG00083308000
020 _a978-954-487-076-8
_bиздат.: Литера принт
040 _aBLK
041 _aBUL
_cBUL
080 _aКуклен театър. Марионетен театър. Вж и 791.5
_b792.97
_x.03(497.235)(091)
_z792.97.03(497.235)(091)
080 _aКуклен театър. Марионетен театър. Вж и 791.5
_b792.97
_x.09(497.235)(091)
_z792.97.09(497.235)(091)
700 _aДонева, Мария
_qПетрова, Мария Донева
_d1974-
_gПоетеса, детска писателка.
_9365115
700 1 _aКалчева, Татяна
_eсъстав.
_9298922
700 1 _aПетков, Дарин
_eсъстав.
_9298923
139 _a[Петдесет] 50 години старозагорско куклено изкуство
_bП 41
245 1 0 _a[Петдесет] 50 години старозагорско куклено изкуство
_b1957 - 2007
_cсъстав. Мария Донева; състав. Татяна Калчева; състав. Дарин Петков.
257 _aBGR
260 Ст. Загора
_bЛитера принт
_c2008
300 _a180 с.
_bсъс сн.
380 _a7
500 _aОфс. изд.
650 4 _aКуклен театър - България
_9260724
650 4 _aТеатрални постановки - България
_9271079
651 4 _aСтара Загора
_9276847
651 4 _aБългария
_9241624
653 _aкуклен театър
653 _aистория
852 _aЦб 239728
856 4 _qpdf
_u
856 4 _qpdf
_u
942 _cKNG
_n0
944 _aCR
_c17.04.2008
_k30560
_lГеновева Генчева
944 _aED
_c17.06.2008
_k
999 _c78841
_d78841